000 00388nam a2200145Ia 4500
008 220120s9999||||xx |||||||||||||| ||und||
020 _a9780074634547
082 _a620.106 CEN
100 _aCengel, Yunus A and Cimbala, John M
245 0 _aFluid Mechnics
250 _a2nd
260 _aTata mc graw hill ltd.
_bNew Delhi
_c2011
300 _axx;804
_b450
650 _aCOMPUTER SCIENCE
999 _c132639
_d132639